Basic science for anaesthetists / (رقم التسجيلة. 21718)

تفاصيل مارك
000 -الفاتح
حقل البيانات ثابتة الطول 01624cam a22003854a 4500
001 - رقم الضبط
رقم الضبط 14600103
003 - محدد رقم الضبط
رقم الضبط OSt
005 - وقت وتاريخ اخر تعامل مع التسجيلة
رقم الضبط 20150408114017.0
008 - عناصر البيانات ثابتة الطول - معلومات عامة
حقل البيانات ثابتة الطول 061018s2006 enka b 001 0 eng c
010 ## - رقم ضبط مكتبة الكونجرس
رقم ضبط مكتبة الكونجرس 2006281674
015 ## - رقم الببليوجرافية الوطنية
رقم الببليوجرافية الوطنية GBA660273
المصدر bnb
016 7# - رقم ضبط الوكاله الوطنية للضبط الببليوجرافي
رقم ضبط التسجيلة 013487636
المصدر Uk
020 ## - الرقم الدولى المعيارى للكتب
الرقم الدولى المعيارى للكتاب 0521676029 (pbk.)
020 ## - الرقم الدولى المعيارى للكتب
الرقم الدولى المعيارى للكتاب 9780521676021
035 ## - رقم ضبط النظام
رقم ضبط النظام (OCoLC)ocm70174184
040 ## - مصدر الفهرسة
وكالة الفهرسة الأصلية COO
وكالة النسخ COO
وكالة التعديل EQO
-- BAKER
-- UKM
-- UAB
-- DLC
042 ## - رمز التحقق
رمز التحقق pcc
050 00 - رقم طلب مكتبة الكونجرس
رقم التصنيف RD82.3
رقم المادة .D65 2006
082 00 - رقم تصنيف ديوى العشرى
رقم التصنيف 617.96076
رقم الطبعة 22
100 1# - المدخل الرئيسى - إسم شخصى
الإسم الشخصى Dolenska, Sylva.
9 (RLIN) 12830
245 10 - بيان العنوان
العنوان Basic science for anaesthetists /
بيان المسئوليه,etc by Sylva Dolenska.
250 ## - بيان الطبعة
بيان الطبعة [2nd ed.].
260 ## - PUBLICATION, DISTRIBUTION, ETC. (IMPRINT)
مكان الناشر او الموزع Cambridge ;
-- New York :
اسم الناشر او الموزع Cambridge University Press,
تاريخ النشر أو التوزيع c2006.
300 ## - الوصف المادى
التعداد xxiii, 199 p. :
تفاصيل ماديه اخرى للوعاء ill. ;
أبعاد الوعاء 24 cm.
500 ## - تبصرة عامة
تبصرة عامة "Revised edition of a book originally titled Anaesthetic data interpretation, published by Greenwich Medical Media in 2000"--Pref.
504 ## - تبصرة ببليوجرافية
تبصرة ببليوجرافية,الخ Includes bibliographical references (p. 190) and index.
650 #0 - المدخل الاضافى بالموضوع-مصطلح موضوعى
مصطلح موضوعي أو اسم جغرافي كعنصر مدخل Anesthesia.
9 (RLIN) 10741
650 #0 - المدخل الاضافى بالموضوع-مصطلح موضوعى
مصطلح موضوعي أو اسم جغرافي كعنصر مدخل Anesthesia
التقسيم الفرعي العام Examinations
التقسيم الفرعي الشكلي Study guides.
9 (RLIN) 12831
700 1# - المدخل الاضافى - اسم شخصى
الإسم الشخصى Dolenska, Sylva.
عنوان العمل Anaesthetic data interpretation.
9 (RLIN) 12832
856 42 - الوصول و الموقع الالكترونى
مواد محددة Publisher description
معرف المصدر الموحد <a href="http://www.loc.gov/catdir/enhancements/fy0702/2006281674-d.html">http://www.loc.gov/catdir/enhancements/fy0702/2006281674-d.html</a>
856 41 - الوصول و الموقع الالكترونى
مواد محددة Table of contents only
معرف المصدر الموحد <a href="http://www.loc.gov/catdir/enhancements/fy0702/2006281674-t.html">http://www.loc.gov/catdir/enhancements/fy0702/2006281674-t.html</a>
856 42 - الوصول و الموقع الالكترونى
مواد محددة Contributor biographical information
معرف المصدر الموحد <a href="http://www.loc.gov/catdir/enhancements/fy0732/2006281674-b.html">http://www.loc.gov/catdir/enhancements/fy0732/2006281674-b.html</a>
942 ## - عناصر المدخل الإضافي( كوها)
مصدر التصنيف او مخطط الترفيف Dewey Decimal Classification
Koha [default] item type كتاب
المقتنيات
حالة الفقد نموذج السعر الفعال حالة تلف ليس للاعارة رقم الطلب تاريخ الاكتساب الموقع الحالي الباركود الفرع الرئيسي Date last seen نوع المادة فى نظام كوها مصدر التصنيف او خطة الترفيف Total Checkouts
  2013-03-10     617.96076 D S B 2012-05-09 المكتبة المركزية بالمجمعة (CL) 00086035 المكتبة المركزية بالمجمعة (CL) 2013-03-10 كتاب Dewey Decimal Classification  
  2013-03-10     617.96076 D S B 2012-05-09 المكتبة المركزية بالمجمعة (CL) 00086036 المكتبة المركزية بالمجمعة (CL) 2013-03-10 كتاب Dewey Decimal Classification